000 00533nam a2200181Ia 4500
003 GCL
008 140319s9999 xx 000 0 ara d
040 _aGCL /
_cGCL
082 0 4 _a791.43
_bس ع
100 1 _aسمير فريد
245 1 0 _aالعالم من عين الكاميرا (هدية من الاديب عبدالفتاح الجمل) /
_cسمير فريد
300 _a232 ص
490 _a
650 0 4 _aالافلام السينمائية
650 0 4 _aالسينما
650 0 4 _aالافلام
942 _2ddc
_cBK
999 _c40552
_d40552